[Event "Usti nad Labem op U10/12"]
[Site "Usti nad Labem"]
[Date "2007.06.27"]
[Round "7"]
[White "Hladky, Petr"]
[Black "Kopriva, Martin"]
[Result "0-1"]
[WhiteElo "1416"]
[BlackElo "1321"]
[PlyCount "64"]
[EventDate "2007.06.21"]
[EventType "swiss"]
[EventRounds "7"]
[EventCountry "CZE"]
[SourceTitle "EXT 2008"]
[Source "ChessBase"]
[SourceDate "2007.11.25"]
[SourceVersion "1"]
[SourceVersionDate "2007.11.25"]
[SourceQuality "1"]

1. d4 d5 2. Nf3 Nf6 3. Bf4 e6 4. e3 Bd6 5. Bg3 b6 6. Bd3 Bb7 7. Nbd2 Nbd7 8. c3 Qe7 9. Qe2 0-0 10. e4 Bxg3 11. hxg3 h6 12. e5 Ne8 13. 0-0-0 c5 14. Rh2 f5 15. exf6 Rxf6 16. Rdh1 cxd4 17. Nxd4 e5 18. N4b3 Nd6 19. Bc2 Qf7 20. Nf3 d4 21. cxd4 e4 22. Ng5 Qd5 23. Nh3 Qc6 24. Nf4 Rc8 25. d5 Qc7 26. Nd4 Qc5 27. Nde6 Qa5 28. Qg4 Nf5 29. Rxh6 Rxh6 30. Rxh6 Qe1+ 31. Qd1 Qxd1+ 32. Kxd1 Nxh6 0-1

[Event "Usti nad Labem op U10/12"]
[Site "Usti nad Labem"]
[Date "2007.06.22"]
[Round "2"]
[White "Cizinsky, Petr"]
[Black "Hladky, Petr"]
[Result "1-0"]
[WhiteElo "1383"]
[BlackElo "1416"]
[PlyCount "53"]
[EventDate "2007.06.21"]
[EventType "swiss"]
[EventRounds "7"]
[EventCountry "CZE"]
[SourceTitle "EXT 2008"]
[Source "ChessBase"]
[SourceDate "2007.11.25"]
[SourceVersion "1"]
[SourceVersionDate "2007.11.25"]
[SourceQuality "1"]

1. e4 e5 2. Nf3 Nc6 3. Nc3 Bc5 4. Bb5 d6 5. d3 a6 6. Ba4 b5 7. Bb3 Bg4 8. 0-0 Nd4 9. Kh1 Nxf3 10. gxf3 Bh3 11. Rg1 g6 12. Rg3 Bd7 13. Be3 Bxe3 14. fxe3 Nf6 15. Bd5 c6 16. Bb3 Nh5 17. Rg1 Qb6 18. d4 Rd8 19. Ne2 Ng7 20. Qe1 f5 21. Qh4 fxe4 22. Qf6 Rf8 23. Qxg7 exf3 24. dxe5 Qxe3 25. Qxh7 f2 26. Qxg6+ Ke7 27. exd6# 1-0

[Event "CZE-ch U10"]
[Site "Sec u Chrudimi"]
[Date "2007.03.12"]
[Round "4"]
[White "Pecinka, Ondrej"]
[Black "Hladky, Petr"]
[Result "0-1"]
[WhiteElo "1250"]
[BlackElo "1250"]
[PlyCount "48"]
[EventDate "2007.03.10"]
[EventType "swiss"]
[EventRounds "9"]
[EventCountry "CZE"]
[SourceTitle "EXT 2008"]
[Source "ChessBase"]
[SourceDate "2007.11.25"]
[SourceVersion "1"]
[SourceVersionDate "2007.11.25"]
[SourceQuality "1"]

1. e4 e5 2. Nf3 Nc6 3. d4 exd4 4. Nxd4 Bc5 5. Be3 Qf6 6. c3 Nge7 7. Nc2 Bb6 8. Be2 d6 9. 0-0 Qg6 10. Bf3 Ne5 11. Bh5 Qxe4 12. Nd2 Qc6 13. Qe2 Be6 14. f4 Nc4 15. Nd4 Bxd4 16. Bxd4 Nxd2 17. Qxd2 0-0-0 18. Bf3 Bd5 19. Rac1 Nf5 20. b3 Nh4 21. Bxd5 Qxd5 22. c4 Qc6 23. b4 a6 24. Qc3 Qxg2# 0-1

[Event "CZE-ch U10"]
[Site "Zlate Hory"]
[Date "2006.03.16"]
[Round "7"]
[White "Novak, Jiri1111"]
[Black "Hladky, Petr"]
[Result "1-0"]
[WhiteElo "1433"]
[BlackElo "1444"]
[PlyCount "91"]
[EventDate "2006.03.11"]
[EventType "swiss"]
[EventRounds "9"]
[EventCountry "CZE"]
[SourceTitle "EXT 2008"]
[Source "ChessBase"]
[SourceDate "2007.11.25"]
[SourceVersion "1"]
[SourceVersionDate "2007.11.25"]
[SourceQuality "1"]

1. e4 e5 2. f4 d6 3. Nf3 Nc6 4. Bb5 Bd7 5. 0-0 Nf6 6. Nc3 a6 7. Bc4 Bg4 8. Be2 Qd7 9. f5 Bxf3 10. Bxf3 Nd4 11. d3 Be7 12. Be3 Nxf3+ 13. Qxf3 0-0-0 14. a4 d5 15. exd5 Nxd5 16. Qxd5 Qxd5 17. Nxd5 Rxd5 18. b3 Bc5 19. Bxc5 Rxc5 20. c4 a5 21. f6 g6 22. Rad1 Rd8 23. h4 Rd4 24. g3 Rg4 25. Kg2 h5 26. Rd2 Rc6 27. Re1 Re6 28. Rf2 Kd7 29. Rfe2 Kd6 30. Re4 c6 31. Rxg4 hxg4 32. Re4 Rxf6 33. Rxg4 Kc5 34. Re4 Re6 35. Kf2 Kb4 36. c5+ Kxb3 37. Rc4 f5 38. Ke3 e4 39. Ke2 exd3+ 40. Kxd3 Re3+ 41. Kxe3 Kxc4 42. Kf4 Kxc5 43. Kg5 Kd5 44. Kxg6 Ke6 45. h5 Ke7 46. Kg7 1-0

[Event "CZE-ch U10"]
[Site "Zlate Hory"]
[Date "2006.03.15"]
[Round "6"]
[White "Hladky, Petr"]
[Black "Novotny, Richard"]
[Result "0-1"]
[WhiteElo "1444"]
[BlackElo "1250"]
[PlyCount "64"]
[EventDate "2006.03.11"]
[EventType "swiss"]
[EventRounds "9"]
[EventCountry "CZE"]
[SourceTitle "EXT 2008"]
[Source "ChessBase"]
[SourceDate "2007.11.25"]
[SourceVersion "1"]
[SourceVersionDate "2007.11.25"]
[SourceQuality "1"]

1. d4 Nf6 2. c4 g6 3. Nc3 Bg7 4. Bf4 0-0 5. Nf3 d6 6. e3 c6 7. Bd3 Nbd7 8. Qc2 Re8 9. 0-0-0 e5 10. dxe5 dxe5 11. Bg3 Qc7 12. Nd4 Qb6 13. Nb3 Nc5 14. Nxc5 Qxc5 15. Bh4 Be6 16. Bxf6 Bxf6 17. Ne4 Qe7 18. Qc3 Bg7 19. Qc2 Rad8 20. c5 a6 21. Nd6 Rf8 22. Rhe1 Bxa2 23. b3 Bxb3 24. Qxb3 Rd7 25. f4 exf4 26. exf4 Qh4 27. Re8 Qxf4+ 28. Kc2 Qf2+ 29. Kb1 a5 30. Rxf8+ Kxf8 31. Nxb7 a4 32. Qb6 a3 0-1